| 000 | 00858naa a2200217 i 4500 | ||
|---|---|---|---|
| 001 | BPP | ||
| 003 | BPK | ||
| 005 | 20140904134937.0 | ||
| 008 | 140904s1986 pl f |100 0 pol | ||
| 040 | _cBPK | ||
| 080 | _a621.9 | ||
| 100 |
_aURBANEK, Adam. _d1979 - 1988. _bWyższa Szkoła Inżynierska w Koszalinie - Wydział Mechaniczny, _cZakład Mechaniki Technicznej |
||
| 245 |
_aOptymalne wyrównoważanie wirników giętkich / _cAdam Urbanek. |
||
| 260 | _c1986. | ||
| 500 | _aDane z kartoteki bpp. | ||
| 650 | 0 | _aMaszyny wirnikowe. | |
| 655 | 0 | _aMateriały konferencyjne. | |
| 711 |
_aSympozjum : Drgania w układach fizycznych _n(12 ; _d1986.05.15-17 ; _cPoznań - Błażejewko, Polska). |
||
| 773 |
_iW : _tDrgania w układach fizycznych : XII Sympozjum. - _dPoznań : Politechnika Poznańska, 1986. - _gs. 296-297 |
||
| 942 |
_cART _2UKD |
||
| 999 |
_c6780 _d6780 |
||